| 000 | 00000nam 2200000zi 4500 |
| 001 | 9.948323 |
| 003 | CaOODSP |
| 005 | 20250318072714 |
| 006 | m o d f |
| 007 | cr cn||||||||| |
| 008 | 250224t20252025qucdab ob f000 0 eng d |
| 020 | |a9780660759333 |
| 040 | |aCaOODSP|beng|erda|cCaOODSP |
| 043 | |an-cn--- |
| 086 | 1 |aEn4-73/1-2025E-PDF |
| 245 | 00|aCanada's second adaptation communication. |
| 264 | 1|aGatineau QC : |bEnvironment and Climate Change Canada = Environnement et changement climatique Canada, |c[2025] |
| 264 | 4|c©2025 |
| 300 | |a1 online resource (59 pages) : |bcharts, illustrations, maps |
| 336 | |atext|btxt|2rdacontent |
| 337 | |acomputer|bc|2rdamedia |
| 338 | |aonline resource|bcr|2rdacarrier |
| 500 | |aIssued also in French under title: Deuxième communication du Canada sur l'adaptation. |
| 500 | |a"Submitted in alignment with Article 7, paragraphs 10 and 11 of the Paris Agreement and decision 9/CMA.1." |
| 500 | |a"This document is an excerpt of chapters 3 and 4 of Canada’s first Biennial Transparency Report (December 2024)." |
| 504 | |aIncludes bibliographical references. |
| 650 | 0|aClimatic changes|xGovernment policy|zCanada. |
| 650 | 0|aGreenhouse gases|xGovernment policy|zCanada. |
| 650 | 0|aEnvironmental law, International. |
| 710 | 1 |aCanada. |bEnvironment and Climate Change Canada, |eissuing body. |
| 775 | 08|tDeuxième communication du Canada sur l'adaptation.|w(CaOODSP)9.948325 |
| 795 | |tCanada's adaptation communication to the United Nations Framework Convention on Climate Change.|w(CaOODSP)9.901153 |
| 856 | 40|qPDF|s1.93 MB|uhttps://publications.gc.ca/collections/collection_2025/eccc/en4/En4-73-1-2025-eng.pdf |
| 986 | |aEC24197 |